La carrière de Alvaro Morata - Statistiques

Statistiques générales
  • Ce quiz a été pris 109 fois
    39 depuis la dernière actualisation
  • Le résultat moyen est 7 sur 10
Statistiques - réponses
Année Match But Club % Correct
2010 - 2014 52 11 Real Madrid
89%
2014 - 2016 93 27 Juventus FC
86%
2019 - 2024 135 52 Atletico Madrid
84%
2017 - 2019 72 24 Chelsea FC
84%
2016 - 2017 43 20 Real Madrid
84%
-> 2019 17 6 Atletico Madrid
78%
2024 - 2025 25 6 AC Milan
73%
-> 2020 - 2022 92 32 Juventus FC
62%
-> 2025 16 7 Galatasaray SK
54%
2025 - actuel 13 0 Côme 1907
41%
Aucun quiz correspondant
Distribution des résultats
% des personnes avec chaque résultat
Percentile par nombre de réponses
Votre historique - résultats
Vous n’avez pas pris ce quiz depuis la dernière actualisation